000
00289nam a2200085Ia 4500
245
0
_a
Preparing the perfect CV : how to make a great impression and get the job you want
100
_a
CORFIELD, Rebecca London, 2007 4th ed
942
_c
BK
008
210818s9999 xx 000 0 und d
999
_c
447772
_d
447771